| 000 | 00912nam a2200301 c 4500 | ||
|---|---|---|---|
| 003 | BLK | ||
| 005 | 20240509154352.0 | ||
| 008 | 180408b bul|||||r ||||||| ||bul|| | ||
| 010 | _aKNG00053258000 | ||
| 020 | _a3-520-36905-2 | ||
| 040 | _aBLK | ||
| 041 |
_aDEU _cDEU |
||
| 080 |
_aЛитература на отделни езици и езикови семейства _b821 _x-2(03) _z821-2(03) |
||
| 139 | _aKIENZLE, Siegfried | ||
| 245 | 1 | 0 |
_aSchauspielfuhrer der Gegenwart _b910 Stucke von 175 Autoren auf dem Theater seit 1945 |
| 250 | _a5. uberarb. Aufl | ||
| 260 |
_bKroner _c1990 _aStuttgart |
||
| 300 |
_aVII, 661 c _c18 cm |
||
| 380 | _a82 | ||
| 490 |
_aKroners Taschenausgabe _vBd. 369 |
||
| 852 | _aЦб І 28461 | ||
| 856 | 4 | _qpdf | |
| 856 | 4 | _qpdf | |
| 942 |
_cKNG _n0 |
||
| 944 |
_aCR _c01.01.1999 _k30556 _lТеодора Пейчева-Дянкова |
||
| 944 |
_aED _c13.02.2017 _kЛили_Борисова |
||
| 999 |
_c49408 _d49408 |
||
| 999 | _d49408 | ||